أبو الحسن الأشعري : أثاره في علم الكلام : Abū al-Ḥasan al-Ashʻarī : 'atharah fi ilm alkalam / (Record no. 84074)
[ view plain ]
| 000 -LEADER | |
|---|---|
| fixed length control field | 01300cam a2200277 a 4500 |
| 001 - CONTROL NUMBER | |
| RUCL Control Number | 84074 |
| 003 - CONTROL NUMBER IDENTIFIER | |
| rucl marc code | BD-RjUL |
| 005 - DATE AND TIME OF LATEST TRANSACTION | |
| control field | 20241003131639.0 |
| 008 - FIXED-LENGTH DATA ELEMENTS--GENERAL INFORMATION | |
| fixed length control field | 241002s2002 bg b 000 0 ara |
| 035 ## - SYSTEM CONTROL NUMBER | |
| system control number | (BD-RjUL)84074 |
| 040 ## - CATALOGING SOURCE | |
| Original cataloging agency | DLC-R |
| Transcribing agency | DLC-R |
| Modifying agency | DLC |
| 082 ## - DEWEY DECIMAL CLASSIFICATION NUMBER | |
| DDC Edition number | 23 |
| Classification number | 181.07 |
| Author mark and Year | MUA 2002 |
| 100 1# - MAIN ENTRY--PERSONAL NAME | |
| Personal name | مخلص, الرحمن محمد ;; Mukhlesur Rahman, Muhammad |
| 9 (RLIN) | 13700 |
| 245 10 - TITLE STATEMENT | |
| Title | أبو الحسن الأشعري : أثاره في علم الكلام : Abū al-Ḥasan al-Ashʻarī : 'atharah fi ilm alkalam / |
| Statement of responsibility, etc | محمد مخلص الرحمن ;;;; Muhammad Mukhlesur Rahman [Prepared and presented] |
| Name of Supervisor/Co-Supervisor | F.M.I.H Taqi and Muhammad Belal Uddin ;;;; محمد بلال حسين ;;ايف -ايم- اي -ائيس- تقي |
| 250 ## - EDITION STATEMENT | |
| Edition statement | al-Ṭabʻah 1. |
| 260 ## - PUBLICATION, DISTRIBUTION, ETC. (IMPRINT) | |
| Place of publication, distribution, etc | Rajshahi : |
| Name of publisher, distributor, etc | Islamic Studies R.U., |
| Date of publication, distribution, etc | 2002 |
| 300 ## - PHYSICAL DESCRIPTION | |
| Pagination | 266 p. ; |
| Dimensions | 28 cm. |
| 440 #0 - | |
| Title | Silsilat ʻaqīdat al-salaf ; |
| Volume number/sequential designation | 1 |
| -- | 13701 |
| 502 ## - DISSERTATION NOTE | |
| Dissertation note | PHD- Thesis- Islamic Studies R.U. |
| 504 ## - BIBLIOGRAPHY, ETC. NOTE | |
| Bibliography, etc | Includes bibliographical references. |
| 600 10 - SUBJECT ADDED ENTRY--PERSONAL NAME | |
| Personal name | Ashʻarī, Abū al-Ḥasan ʻAlī ibn Ismāʻīl, |
| Dates associated with a name | 873?-935?. |
| -- | 13702 |
| 650 #0 - SUBJECT ADDED ENTRY--TOPICAL TERM | |
| Topical term or geographic name as entry element | Islam |
| General subdivision | Doctrines. |
| Topical term or geographic name as entry element | Islamic philosophy. |
| 700 ## - ADDED ENTRY--SUPERVISOR/CO-SUPERVISOR NAME | |
| Personal name | Taqi, F.M.I.H and Belal Hussain, Muhammad ;;;; بلال حسين ;;ا- تقي |
| 9 (RLIN) | 13703 |
| 942 ## - ADDED ENTRY ELEMENTS (KOHA) | |
| Source of classification or shelving scheme | Dewey Decimal Classification |
| Koha item type | Theses |
| Source of classification or shelving scheme | Damaged status | Not for loan | Collection code | Permanent Location | Current Location | Shelving location | Date of accession | Source of acquisition | Total Checkouts | Full call number | Barcode | Date last seen | Copy number | Thesis |
|---|---|---|---|---|---|---|---|---|---|---|---|---|---|---|
| Dewey Decimal Classification | Not For Loan | Theses | Central Library, University of Rajshahi | Central Library, University of Rajshahi | Reference | 22/06/2003 | R.U | A THE 181.07 MUA 2002 | D2209 | 03/10/2024 | C-1 | Theses |